Faculty of Law Library — Cairo University

Official Online Catalog

The sudan penal code And The Ordinances Rules ETC : (Record no. 71187)

MARC details
000 -LEADER
fixed length control field 01071nam a2200301 4500
003 - CONTROL NUMBER IDENTIFIER
control field EG-GICUC
005 - DATE AND TIME OF LATEST TRANSACTION
control field 20260415173614.0
008 - FIXED-LENGTH DATA ELEMENTS--GENERAL INFORMATION
fixed length control field 260415s1908 sj ||||fr|||| 001 0 eng d
040 ## - CATALOGING SOURCE
Original cataloging agency EG-GiCUC
Language of cataloging eng
Transcribing agency EG-GiCUC
Modifying agency EG-GiCUC
Description conventions rda
041 0# - LANGUAGE CODE
Language code of text/sound track or separate title eng
082 04 - DEWEY DECIMAL CLASSIFICATION NUMBER
Edition number 21
Classification number 343.20624
Item number SU
092 04 - LOCALLY ASSIGNED DEWEY CALL NUMBER (OCLC)
Edition number 21
099 ## - LOCAL FREE-TEXT CALL NUMBER (OCLC)
Classification number Law1 343.20624 SU 1908
245 04 - TITLE STATEMENT
Title The sudan penal code And The Ordinances Rules ETC :
Remainder of title Constituting And Regulating The Procedure Of The Civil Criminal & Mohammedan Law Courts Of The Sudan /
264 #1 - PRODUCTION, PUBLICATION, DISTRIBUTION, MANUFACTURE, AND COPYRIGHT NOTICE
Place of production, publication, distribution, manufacture Khartoum :
Name of producer, publisher, distributor, manufacturer Sudan Printing,
Date of production, publication, distribution, manufacture, or copyright notice 1908.
300 ## - PHYSICAL DESCRIPTION
Extent 434 pages,unnumbered pages, various pagings :
Other physical details tables ;
Dimensions 24 cm.
336 ## - CONTENT TYPE
Source rda content
Content type term text
337 ## - MEDIA TYPE
Source rda media
Media type term Computer
338 ## - CARRIER TYPE
Source rda carrier
Carrier type term Online Resource
500 ## - GENERAL NOTE
General note Printed And Published By The Authority of The Governor General.
504 ## - BIBLIOGRAPHY, ETC. NOTE
Bibliography, etc. note Includes index.<br/><br/>
546 ## - LANGUAGE NOTE
Language note Text in English
650 1# - SUBJECT ADDED ENTRY--TOPICAL TERM
Topical term or geographic name entry element Criminal law.
Source of heading or term qrmak
651 1# - SUBJECT ADDED ENTRY--GEOGRAPHIC NAME
Source of heading or term qrmak
856 40 - ELECTRONIC LOCATION AND ACCESS
Uniform Resource Identifier <a href="https://fll.law.cu.edu.eg/fulltext/bks/B10-01090.pdf">https://fll.law.cu.edu.eg/fulltext/bks/B10-01090.pdf</a>
905 ## - Cataloger and Reviser Names
Cataloger Name: Omar
942 ## - ADDED ENTRY ELEMENTS (KOHA)
Source of classification or shelving scheme Dewey Decimal Classification
Suppress in OPAC No
Koha item type Books
Edition 21
Holdings
Withdrawn status Lost status Source of classification or shelving scheme Damaged status Not for loan Collection Home library Current library Date acquired Total checkouts Full call number Barcode Date last seen Copy number Price effective from Koha item type
    Dewey Decimal Classification   Not for loan القانون الجنائي جــــامعة القــاهرة مكتبة كلية الحقوق - المبنى الرئيسي 15.04.2026   Law1 343.20624 SU 1908 1001090 C1 B10-01090 15.04.2026 1 15.04.2026 Books

© All rights reserved — Faculty of Law, Cairo University